[Event "POL-chT 1st League 2020"]
[Site "Ustron"]
[Date "2020.09.05"]
[Round "1.10"]
[White "Godzwon, Iwo"]
[Black "Kokoszczynski, Jan"]
[Result "0-1"]
[WhiteElo "2317"]
[BlackElo "2231"]
[Annotator "ChessBase"]
[PlyCount "106"]
[EventDate "2020.09.05"]
[EventType "team-tourn"]
[EventCountry "POL"]
[SourceTitle "playchess.com"]
[Source "ChessBase"]
[SourceQuality "1"]
[TimeControl "40/5400+30:1800+30"]

1. e4 {[%emt 0:00:00]} c6 {[%emt 0:00:00]} 2. d4 {[%emt 0:00:00]} d5 {[%emt 0:00:00]} 3. e5 {[%emt 0:00:00]} c5 {[%emt 0:00:00]} 4. dxc5 {[%emt 0:00:16]} e6 {[%emt 0:00:05]} 5. Nf3 {[%emt 0:00:36]} Bxc5 {[%emt 0:01:23]} 6. a3 {[%emt 0:00:03]} Nc6 {[%emt 0:01:05]} 7. b4 {[%emt 0:00:39]} Bb6 {[%emt 0:00:05]} 8. Bb2 {[%emt 0:00:06]} f6 {[%emt 0:01:14]} 9. Bd3 {[%emt 0:05:46]} fxe5 {[%emt 0:00:22]} 10. Nxe5 {[%emt 0:00:14]} Qg5 {[%emt 0:00:10]} 11. Qg4 {[%emt 0:08:06]} Qxg4 {[%emt 0:00:05]} 12. Nxg4 {[%emt 0:00:04]} Nf6 {[%emt 0:00:02]} 13. Nxf6+ {[%emt 0:09:46]} gxf6 {[%emt 0:00:05]} 14. f4 {[%emt 0:03:31]} e5 {[%emt 0:10:14]} 15. fxe5 {[%emt 0:00:21]} fxe5 {[%emt 0:02:20]} 16. Nc3 {[%emt 0:14:04]} Be6 {[%emt 0:04:54]} 17. Na4 {[%emt 0:00:22]} Be3 {[%emt 0:10:20]} 18. Ke2 {[%emt 0:00:04]} Bh6 {[%emt 0:00:54]} 19. Nc5 {[%emt 0:00:08]} Bg4+ {[%emt 0:02:29]} 20. Ke1 {[%emt 0:00:03]} b6 {[%emt 0:22:02]} 21. Bb5 {[%emt 0:02:05]} Rc8 {[%emt 0:03:16]} 22. Nd3 {[%emt 0:13:53]} O-O {[%emt 0:04:19]} 23. Rf1 {[%emt 0:12:06]} Nd4 {[%emt 0:10:31]} 24. Rxf8+ {[%emt 0:01:17]} Kxf8 {[%emt 0:01:39]} 25. Bxd4 {[%emt 0:00:47]} exd4 {[%emt 0:00:01]} 26. Ba4 {[%emt 0:00:09]} Be3 {[%emt 0:11:07]} 27. Bb3 {[%emt 0:08:41]} Ke7 {[%emt 0:01:00]} 28. b5 {[%emt 0:00:59]} Kd6 {[%emt 0:01:35]} 29. a4 {[%emt 0:03:28]} Bf5 {[%emt 0:02:00]} 30. Ke2 {[%emt 0:04:23]} Rc3 {[%emt 0:00:46]} 31. Rb1 {[%emt 0:00:31]} Be4 {[%emt 0:01:18]} 32. Ne1 {[%emt 0:00:52]} Rc7 {[%emt 0:02:30]} 33. Rd1 {[%emt 0:01:03]} Rf7 {[%emt 0:06:02]} 34. Nf3 {[%emt 0:00:13]} Bxf3+ {[%emt 0:01:01]} 35. gxf3 {[%emt 0:00:04]} Rg7 {[%emt 0:00:01]} 36. c3 {[%emt 0:00:11]} Rg2+ {[%emt 0:00:05]} 37. Kd3 {[%emt 0:00:03]} Rxh2 {[%emt 0:00:46]} 38. cxd4 {[%emt 0:00:04]} Bf4 {[%emt 0:00:27]} 39. Rg1 {[%emt 0:00:38]} Rf2 {[%emt 0:01:42]} 40. Rg7 {[%emt 0:00:00]} Rxf3+ {[%emt 0:00:00]} 41. Kc2 {[%emt 0:00:19]} Be3 {[%emt 0:02:29]} 42. Rxh7 {[%emt 0:00:33]} Bxd4 {[%emt 0:01:37]} 43. Ba2 {[%emt 0:01:35]} Rf2+ {[%emt 0:05:51]} 44. Kb3 {[%emt 0:00:04]} Rf3+ {[%emt 0:01:19]} 45. Kc2 {[%emt 0:00:10]} Bf6 {[%emt 0:12:35]} 46. Rxa7 {[%emt 0:01:32]} d4 {[%emt 0:00:09]} 47. Rf7 {[%emt 0:01:10]} d3+ {[%emt 0:00:47]} 48. Kd2 {[%emt 0:05:55]} Kc5 {[%emt 0:00:21]} 49. Be6 {[%emt 0:00:24]} Kb4 {[%emt 0:01:07]} 50. Bd5 {[%emt 0:02:04]} Bc3+ {[%emt 0:03:29]} 51. Kd1 {[%emt 0:00:13]} Re3 {[%emt 0:00:05]} 52. Rf4+ {[%emt 0:00:50]} Ka3 {[%emt 0:00:50]} 53. Rf1 {[%emt 0:00:19]} d2 {[%emt 0:01:37]} 0-1

[Event "POL-chT 1st League 2020"]
[Site "Ustron"]
[Date "2020.09.05"]
[Round "1.11"]
[White "Praczukowski, Stanislaw"]
[Black "Kowalczyk, Pawel"]
[Result "0-1"]
[WhiteElo "2173"]
[BlackElo "2339"]
[Annotator "ChessBase"]
[PlyCount "122"]
[EventDate "2020.09.05"]
[EventType "team-tourn"]
[EventCountry "POL"]
[SourceTitle "playchess.com"]
[Source "ChessBase"]
[SourceQuality "1"]
[TimeControl "40/5400+30:1800+30"]

1. e4 {[%emt 0:00:00]} e6 {[%emt 0:00:00]} 2. d4 {[%emt 0:00:00]} d5 {[%emt 0:00:00]} 3. Nd2 {[%emt 0:00:29]} c5 {[%emt 0:00:07]} 4. Ngf3 {[%emt 0:00:26]} Nf6 {[%emt 0:02:43]} 5. exd5 {[%emt 0:01:37]} Nxd5 {[%emt 0:01:03]} 6. dxc5 {[%emt 0:05:26]} Bxc5 {[%emt 0:00:18]} 7. Ne4 {[%emt 0:00:20]} Be7 {[%emt 0:02:04]} 8. c3 {[%emt 0:10:26]} Nc6 {[%emt 0:00:21]} 9. Bd3 {[%emt 0:08:27]} O-O {[%emt 0:00:09]} 10. O-O {[%emt 0:05:44]} e5 {[%emt 0:00:11]} 11. Bc4 {[%emt 0:04:08]} Nb6 {[%emt 0:00:13]} 12. Qxd8 {[%emt 0:01:13]} Rxd8 {[%emt 0:00:06]} 13. Bb3 {[%emt 0:00:23]} h6 {[%emt 0:00:51]} 14. Be3 {[%emt 0:02:49]} Bg4 {[%emt 0:05:22]} 15. Rfd1 {[%emt 0:08:40]} Kf8 {[%emt 0:00:16]} 16. h3 {[%emt 0:01:58]} Bxf3 {[%emt 0:01:54]} 17. gxf3 {[%emt 0:00:11]} Na5 {[%emt 0:01:28]} 18. Bxb6 {[%emt 0:09:57]} axb6 {[%emt 0:00:03]} 19. Bd5 {[%emt 0:01:07]} f5 {[%emt 0:00:15]} 20. Ng3 {[%emt 0:00:12]} g6 {[%emt 0:00:05]} 21. b4 {[%emt 0:01:51]} Nc6 {[%emt 0:00:08]} 22. a4 {[%emt 0:00:27]} Rd6 {[%emt 0:02:09]} 23. Bb3 {[%emt 0:03:37]} Rad8 {[%emt 0:01:09]} 24. Rxd6 {[%emt 0:02:19]} Bxd6 {[%emt 0:00:02]} 25. Rd1 {[%emt 0:01:14]} Ke7 {[%emt 0:00:07]} 26. Nf1 {[%emt 0:01:32]} Bc7 {[%emt 0:11:31]} 27. Ne3 {[%emt 0:02:12]} Rxd1+ {[%emt 0:04:10]} 28. Bxd1 {[%emt 0:00:27]} Nd8 {[%emt 0:00:07]} 29. Bb3 {[%emt 0:01:08]} Ne6 {[%emt 0:00:22]} 30. Nd5+ {[%emt 0:05:34]} Kd6 {[%emt 0:00:21]} 31. Kf1 {[%emt 0:04:10]} Bd8 {[%emt 0:00:17]} 32. Ba2 {[%emt 0:05:52]} Ng5 {[%emt 0:02:35]} 33. Kg2 {[%emt 0:02:03]} Ne6 {[%emt 0:01:55]} 34. Kf1 {[%emt 0:00:22]} h5 {[%emt 0:00:07]} 35. Kg2 {[%emt 0:00:47]} Bg5 {[%emt 0:02:31]} 36. Kf1 {[%emt 0:03:25]} Bd2 {[%emt 0:06:59]} 37. Ke2 {[%emt 0:01:44]} Bh6 {[%emt 0:01:02]} 38. Kf1 {[%emt 0:00:16]} e4 {[%emt 0:01:44]} 39. Kg2 {[%emt 0:02:21]} Ke5 {[%emt 0:00:53]} 40. fxe4 {[%emt 0:00:00]} fxe4 {[%emt 0:00:00]} 41. Kh2 {[%emt 0:04:37]} Bf4+ {[%emt 0:01:18]} 42. Kg2 {[%emt 0:00:49]} Bd2 {[%emt 0:00:26]} 43. Kh2 {[%emt 0:03:45]} Ng5 {[%emt 0:00:32]} 44. Kg2 {[%emt 0:00:46]} Nf3 {[%emt 0:00:12]} 45. Kf1 {[%emt 0:01:47]} g5 {[%emt 0:00:27]} 46. Kg2 {[%emt 0:00:44]} h4 {[%emt 0:01:54]} 47. Bb3 {[%emt 0:07:17]} Ne1+ {[%emt 0:02:23]} 48. Kg1 {[%emt 0:02:15]} Nd3 {[%emt 0:00:42]} 49. Nxb6 {[%emt 0:01:27]} Bxc3 {[%emt 0:00:20]} 50. b5 {[%emt 0:00:41]} Be1 {[%emt 0:01:39]} 51. Nc4+ {[%emt 0:03:08]} Kd4 {[%emt 0:00:08]} 52. a5 {[%emt 0:00:22]} Bxf2+ {[%emt 0:00:19]} 53. Kf1 {[%emt 0:00:55]} Kc3 {[%emt 0:00:36]} 54. Ba2 {[%emt 0:01:02]} Bc5 {[%emt 0:00:49]} 55. a6 {[%emt 0:04:01]} bxa6 {[%emt 0:00:22]} 56. b6 {[%emt 0:00:14]} Nb4 {[%emt 0:02:58]} 57. b7 {[%emt 0:01:11]} Ba7 {[%emt 0:00:27]} 58. Ne5 {[%emt 0:00:44]} Kd4 {[%emt 0:00:09]} 59. Nd7 {[%emt 0:01:09]} Nxa2 {[%emt 0:00:06]} 60. b8=Q {[%emt 0:00:23]} Bxb8 {[%emt 0:00:07]} 61. Nxb8 {[%emt 0:00:04]} Nb4 {[%emt 0:00:47]} 0-1

[Event "POL-chT 1st League 2020"]
[Site "Ustron"]
[Date "2020.09.05"]
[Round "1.12"]
[White "Starosta, Martyna"]
[Black "Moscicka, Pola"]
[Result "0-1"]
[WhiteElo "2038"]
[BlackElo "1880"]
[Annotator "ChessBase"]
[PlyCount "92"]
[EventDate "2020.09.05"]
[EventType "team-tourn"]
[EventCountry "POL"]
[SourceTitle "playchess.com"]
[Source "ChessBase"]
[SourceQuality "1"]
[TimeControl "40/5400+30:1800+30"]

1. e4 {[%emt 0:00:00]} c5 {[%emt 0:00:00]} 2. Nf3 {[%emt 0:00:00]} Nc6 {[%emt 0:00:00]} 3. d4 {[%emt 0:00:00]} cxd4 {[%emt 0:00:00]} 4. Nxd4 {[%emt 0:00:00]} Nf6 {[%emt 0:00:14]} 5. Nc3 {[%emt 0:00:00]} e5 {[%emt 0:00:10]} 6. Ndb5 {[%emt 0:00:03]} d6 {[%emt 0:00:06]} 7. Nd5 {[%emt 0:00:07]} Nxd5 {[%emt 0:00:09]} 8. exd5 {[%emt 0:00:04]} Nb8 {[%emt 0:00:07]} 9. a4 {[%emt 0:00:06]} Be7 {[%emt 0:00:16]} 10. Be2 {[%emt 0:00:07]} O-O {[%emt 0:00:12]} 11. O-O {[%emt 0:00:04]} Nd7 {[%emt 0:00:09]} 12. Kh1 {[%emt 0:01:54]} a6 {[%emt 0:00:54]} 13. Na3 {[%emt 0:00:11]} f5 {[%emt 0:00:28]} 14. f4 {[%emt 0:00:12]} exf4 {[%emt 0:00:30]} 15. Bxf4 {[%emt 0:01:45]} Nc5 {[%emt 0:00:33]} 16. Nc4 {[%emt 0:05:19]} a5 {[%emt 0:00:29]} 17. Be3 {[%emt 0:07:22]} b6 {[%emt 0:08:05]} 18. b4 {[%emt 0:20:05]} axb4 {[%emt 0:08:01]} 19. a5 {[%emt 0:02:49]} Bf6 {[%emt 0:12:39]} 20. Nxb6 {[%emt 0:03:17]} Bxa1 {[%emt 0:10:25]} 21. Qxa1 {[%emt 0:20:45]} Ra7 {[%emt 0:10:24]} 22. Qb2 {[%emt 0:10:01]} Qe7 {[%emt 0:07:36]} 23. Qd4 {[%emt 0:09:27]} Rxa5 {[%emt 0:08:33]} 24. Nc4 {[%emt 0:04:40]} Ra2 {[%emt 0:03:19]} 25. Nxd6 {[%emt 0:05:40]} Qxd6 {[%emt 0:08:23]} 26. Qxc5 {[%emt 0:02:19]} Qxc5 {[%emt 0:02:04]} 27. Bxc5 {[%emt 0:00:02]} Rd8 {[%emt 0:03:32]} 28. Bd3 {[%emt 0:01:57]} Ba6 {[%emt 0:05:51]} 29. Bxa6 {[%emt 0:00:40]} Rxa6 {[%emt 0:00:06]} 30. Bxb4 {[%emt 0:00:46]} Rxd5 {[%emt 0:01:08]} 31. h3 {[%emt 0:00:22]} Rc6 {[%emt 0:04:06]} 32. Rf2 {[%emt 0:00:36]} Kf7 {[%emt 0:00:42]} 33. Kh2 {[%emt 0:00:37]} Ke6 {[%emt 0:00:48]} 34. Re2+ {[%emt 0:00:31]} Re5 {[%emt 0:01:26]} 35. Rd2 {[%emt 0:00:20]} g5 {[%emt 0:03:22]} 36. Bf8 {[%emt 0:01:40]} h5 {[%emt 0:01:19]} 37. Bg7 {[%emt 0:01:30]} Re4 {[%emt 0:01:03]} 38. c3 {[%emt 0:00:34]} f4 {[%emt 0:00:37]} 39. Rb2 {[%emt 0:01:41]} g4 {[%emt 0:00:35]} 40. hxg4 {[%emt 0:00:00]} hxg4 {[%emt 0:00:00]} 41. Bd4 {[%emt 0:00:28]} Kd5 {[%emt 0:05:59]} 42. Rb5+ {[%emt 0:03:00]} Kc4 {[%emt 0:03:53]} 43. Rh5 {[%emt 0:02:03]} Kd3 {[%emt 0:04:03]} 44. Rh4 {[%emt 0:09:52]} Rg6 {[%emt 0:00:43]} 45. Rh5 {[%emt 0:00:58]} g3+ {[%emt 0:03:07]} 46. Kh3 {[%emt 0:01:18]} Re1 {[%emt 0:00:56]} 0-1

[Event "POL-chT 1st League 2020"]
[Site "Ustron"]
[Date "2020.09.05"]
[Round "1.13"]
[White "Pakleza, Zbigniew"]
[Black "Szwed, Jacek"]
[Result "1/2-1/2"]
[WhiteElo "2503"]
[BlackElo "2380"]
[Annotator "TA"]
[PlyCount "58"]
[EventDate "2020.09.05"]
[EventType "team-tourn"]
[EventCountry "POL"]
[SourceTitle "playchess.com"]
[Source "ChessBase"]
[SourceQuality "1"]

{[%evp 9,58,44,39,39,45,38,40,39,34,24,47,20,32,19,12,8,1,20,11,14,0,0,0,0,0,0,12,-69,-58,-74,-60,-61,-8,-15,-4,-27,0,-97,-131,-70,36,-72,-71,-68,0,-233,-217,-175,-96,-118,-101]} 1. d4 d5 2. c4 dxc4 3. e3 b5 4. a4 b4 5. Bxc4 Bb7 6. Nf3 {D20: Queen's Gambit Accepted: 3 e3 and 3 e4.} e6 7. a5 a6 8. Nbd2 {White is slightly better.} Nf6 9. O-O Be7 10. Qe2 O-O 11. e4 c5 12. e5 Nfd7 13. Nb3 Nc6 14. Rd1 {Threatening d5.} Qc7 15. Bf4 {[#] Strongly threatening d5.} Nxd4 {[#]} 16. Nfxd4 $146 ({Predecessor:} 16. Nbxd4 cxd4 17. Nxd4 Nc5 18. f3 Rfd8 19. Bg3 Rd7 20. Bf2 Rad8 21. b3 Bg5 22. g3 {0-1 (30) Kekelidze,M (2451)-Azarov,S (2635) Rockville 2014}) 16... cxd4 17. Rac1 {Black must now prevent Bxe6!} Nc5 18. Bd3 (18. Rxd4 $11 Rfd8 19. Rxd8+ Qxd8 20. Nxc5 Bxc5 21. Bxe6 Bxf2+ 22. Qxf2 fxe6 23. Bd2) 18... Rfc8 $15 ({Much weaker is} 18... Qc6 19. Qg4 $11) 19. Bb1 g6 ({Reject} 19... Qc6 20. Qg4 $11) (19... Bd5 {feels hotter.} 20. Nxd4 Qxa5 21. Nf5 exf5 22. Rxd5 Rd8) 20. h4 Bd5 (20... Qc6 $15 21. Qg4 Qe8 22. Nxd4 Na4 23. Rxc8 Rxc8) 21. Nxc5 $11 Bxc5 22. h5 $1 Qxa5 23. hxg6 (23. Qg4 $1 $11) 23... fxg6 $17 24. Qg4 {With the idea Bxg6!} Bf8 {[#]} (24... Qc7 $15 25. Bh6 Qf7) 25. Bg5 (25. Bxg6 $1 $14 {[%mdl 512] keeps the upper hand.} hxg6 26. Qxg6+ Bg7 27. Bh6) 25... Qa4 26. Bf6 {aiming for Bxg6!} Qd7 (26... Qe8 $15) 27. Qxd4 $2 (27. Rxc8 $11 Rxc8 28. Qxd4) 27... Rxc1 $19 28. Rxc1 Rc8 ({Black should play} 28... a5 $19 29. Be4 a4) 29. Rd1 $17 Qf7 {Accuracy: White = 75%, Black = 74%.} 1/2-1/2

[Event "POL-chT 1st League 2020"]
[Site "Ustron"]
[Date "2020.09.05"]
[Round "1.14"]
[White "Zylka, Stanislaw"]
[Black "Jakubiec, Artur"]
[Result "1-0"]
[WhiteElo "2377"]
[BlackElo "2463"]
[Annotator "TA"]
[PlyCount "69"]
[EventDate "2020.09.05"]
[EventType "team-tourn"]
[EventCountry "POL"]
[SourceTitle "playchess.com"]
[Source "ChessBase"]
[SourceQuality "1"]

{[%evp 10,69,18,4,23,0,0,6,32,27,44,31,15,28,74,62,63,55,118,103,137,133,142,50,61,56,58,78,76,62,64,0,0,0,48,32,43,0,0,0,185,205,189,36,103,19,19,19,13,13,15,14,46,43,23,28,29989,29990,29990,29991,29991,717]} 1. d4 f5 2. e4 fxe4 3. Nc3 Nf6 4. Bg5 Nc6 5. d5 Ne5 6. Qe2 Nf7 {A83: Dutch Defence: Staunton Gambit with 3 Nc3 Nf6 4 Bg5.} 7. Bxf6 exf6 8. Nxe4 {[%cal Re4f6]} Bb4+ {The position is equal.} (8... Be7 {keeps more tension.} 9. d6 cxd6 10. Nc3 b6 11. Qe4 Rb8) 9. c3 Be7 10. d6 cxd6 11. O-O-O O-O 12. Ng3 {[%mdl 1024] [#] White has strong compensation.} d5 $146 ({Predecessor:} 12... g6 13. f4 f5 14. h4 Bf6 15. h5 Qa5 16. Kb1 Bg7 17. Nf3 b5 18. hxg6 hxg6 {1-0 (40) Mihajlov,S (2257)-Andersen,A (2170) Oslo 2014}) 13. Qc2 g6 (13... d4 $14) 14. h4 $16 d6 15. h5 f5 16. f4 ({White should try} 16. hxg6 $16 hxg6 17. Kb1) 16... Qa5 17. hxg6 hxg6 18. Kb1 Bd7 19. Nf3 Bf6 20. Ne2 (20. Bd3 $14) 20... Kg7 $11 21. Ned4 Rae8 22. Bd3 {Threatens to win with g4!} Rh8 23. g4 fxg4 24. Bxg6 Rxh1 $2 (24... gxf3 $11 {and Black has nothing to worry.} 25. Bxf7 Kxf7 26. Rh7+ Rxh7 27. Qxh7+ Kf8 28. Qxd7 (28. Rg1 $2 Bg4 $19) 28... Bxd4 29. cxd4 Re1 30. Qf5+ (30. Qxd6+ Kg7 $11) 30... Ke7 31. Qh7+ Kf8 32. Qh8+ Kf7 33. Qh7+ Ke8 34. Qh5+ Kf8 35. Qf5+ Kg7 36. Qg4+ Kf8 37. Qf5+) 25. Rxh1 $18 Rh8 {[#]} 26. Rg1 $2 (26. Bh5 $1 $18 {Qg6+ would kill now.} Rh6 27. Ng5 Bxd4 28. Nxf7 (28. cxd4 $2 Nxg5 29. fxg5 Rxh5 $19 {[%mdl 64] Back Rank})) 26... Nh6 {[#]} (26... Kf8 $14) 27. Bh5 ({Better is} 27. Bd3 $1 $16) 27... Kf8 $11 28. Qg6 Qd8 29. Ne5 ({Of course not} 29. Bxg4 Nxg4 30. Rxg4 Bxg4 $11) 29... dxe5 30. fxe5 {Threatening mate with Rf1!} Bxe5 (30... Qe7 $5 {[%cal Re7e5]} 31. Rf1 {[%mdl 64] Pin} (31. exf6 Qe4+ 32. Qxe4 dxe4 $11) (31. Qxf6+ Qxf6 32. exf6 Nf7 $17) 31... Qh7 32. Rxf6+ Ke7 $14) 31. Rf1+ $40 {[%mdl 128] White has some attack.} Ke7 {And now ...Qg8 would win.} 32. Re1 Qf8 $2 {[%mdl 8192]} (32... Nf7 $11 33. Qxf7+ {[%mdl 64] Double Attack} Kd6 34. Bxg4 {[%mdl 64] Decoy} Bxg4 35. Qg6+ Kc7 36. Qxg4 Qf6) 33. Qg5+ {[%mdl 64] Double Attack. White mates.} Kd6 34. Qxe5+ Kc5 35. Qc7+ {[%mdl 64] Double Attack. Accuracy: White = 68%, Black = 61%.} 1-0

[Event "POL-chT 1st League 2020"]
[Site "Ustron"]
[Date "2020.09.05"]
[Round "1.15"]
[White "Olsen, Filip Boe"]
[Black "Koziol, Kamil"]
[Result "1-0"]
[WhiteElo "2351"]
[BlackElo "2296"]
[Annotator "ChessBase"]
[PlyCount "97"]
[EventDate "2020.09.05"]
[EventType "team-tourn"]
[EventCountry "POL"]
[SourceTitle "playchess.com"]
[Source "ChessBase"]
[SourceQuality "1"]
[TimeControl "40/5400+30:1800+30"]

1. d4 {[%emt 0:00:00]} d5 {[%emt 0:00:00]} 2. Nf3 {[%emt 0:00:00]} Nf6 {[%emt 0:00:00]} 3. Bf4 {[%emt 0:00:02]} e6 {[%emt 0:00:40]} 4. e3 {[%emt 0:00:12]} c5 {[%emt 0:00:35]} 5. Nbd2 {[%emt 0:00:15]} Nc6 {[%emt 0:00:37]} 6. c3 {[%emt 0:00:11]} Bd6 {[%emt 0:02:49]} 7. Bg3 {[%emt 0:00:11]} Qe7 {[%emt 0:16:38]} 8. Ne5 {[%emt 0:01:53]} Nd7 {[%emt 0:15:37]} 9. Nxc6 {[%emt 0:07:02]} bxc6 {[%emt 0:00:08]} 10. Qa4 {[%emt 0:01:39]} Bb7 {[%emt 0:11:06]} 11. Ba6 {[%emt 0:12:26]} Nb6 {[%emt 0:04:12]} 12. Qa3 {[%emt 0:04:46]} Bxa6 {[%emt 0:07:52]} 13. Qxa6 {[%emt 0:04:57]} O-O {[%emt 0:03:16]} 14. Qa3 {[%emt 0:04:22]} Bxg3 {[%emt 0:10:37]} 15. hxg3 {[%emt 0:00:30]} Rfb8 {[%emt 0:01:08]} 16. O-O-O {[%emt 0:20:51]} a5 {[%emt 0:04:06]} 17. Rh4 {[%emt 0:07:29]} Rb7 {[%emt 0:03:06]} 18. dxc5 {[%emt 0:15:02]} Nd7 {[%emt 0:00:45]} 19. Nb3 {[%emt 0:06:56]} Rb5 {[%emt 0:05:41]} 20. Nd4 {[%emt 0:04:31]} Rxc5 {[%emt 0:00:18]} 21. Nxc6 {[%emt 0:01:00]} Qd6 {[%emt 0:04:24]} 22. Nd4 {[%emt 0:01:07]} Ne5 {[%emt 0:00:06]} 23. Nf3 {[%emt 0:00:45]} Nxf3 {[%emt 0:01:11]} 24. gxf3 {[%emt 0:00:11]} Rac8 {[%emt 0:00:11]} 25. Rc4 {[%emt 0:00:57]} Qb6 {[%emt 0:01:19]} 26. Rxc5 {[%emt 0:00:08]} Rxc5 {[%emt 0:01:05]} 27. Qa4 {[%emt 0:00:40]} Rc8 {[%emt 0:02:06]} 28. f4 {[%emt 0:01:03]} g6 {[%emt 0:02:03]} 29. Qd4 {[%emt 0:00:53]} Qb5 {[%emt 0:01:08]} 30. Qd3 {[%emt 0:02:17]} Qa4 {[%emt 0:00:12]} 31. Kb1 {[%emt 0:00:10]} h5 {[%emt 0:00:48]} 32. b3 {[%emt 0:02:15]} Qa3 {[%emt 0:01:13]} 33. Qd4 {[%emt 0:00:51]} Rb8 {[%emt 0:00:03]} 34. g4 {[%emt 0:00:41]} hxg4 {[%emt 0:01:09]} 35. Rh1 {[%emt 0:00:19]} f6 {[%emt 0:00:14]} 36. Qxf6 {[%emt 0:00:36]} Rxb3+ {[%emt 0:00:06]} 37. axb3 {[%emt 0:00:06]} Qxb3+ {[%emt 0:00:03]} 38. Kc1 {[%emt 0:00:27]} Qa3+ {[%emt 0:00:04]} 39. Kd2 {[%emt 0:00:50]} Qa2+ {[%emt 0:00:40]} 40. Kd3 {[%emt 0:00:00]} Qc4+ {[%emt 0:00:00]} 41. Kd2 {[%emt 0:06:40]} Qa2+ {[%emt 0:00:44]} 42. Ke1 {[%emt 0:00:55]} Qb1+ {[%emt 0:02:19]} 43. Ke2 {[%emt 0:00:12]} Qb5+ {[%emt 0:05:29]} 44. Kd2 {[%emt 0:01:07]} Qb2+ {[%emt 0:01:06]} 45. Kd3 {[%emt 0:00:31]} Qb5+ {[%emt 0:01:48]} 46. Kc2 {[%emt 0:01:39]} Qa4+ {[%emt 0:02:08]} 47. Kb2 {[%emt 0:00:10]} Qb5+ {[%emt 0:00:08]} 48. Kc1 {[%emt 0:00:08]} a4 {[%emt 0:00:07]} 49. Rh8# 1-0

[Event "POL-chT 1st League 2020"]
[Site "Ustron"]
[Date "2020.09.05"]
[Round "1.16"]
[White "Nowak, Mikolaj"]
[Black "Szoen, Dariusz"]
[Result "1/2-1/2"]
[WhiteElo "2279"]
[BlackElo "2407"]
[Annotator "TA"]
[PlyCount "80"]
[EventDate "2020.09.05"]
[EventType "team-tourn"]
[EventCountry "POL"]
[SourceTitle "playchess.com"]
[Source "ChessBase"]
[SourceQuality "1"]

{[%evp 14,80,27,27,43,33,33,33,33,32,33,33,38,33,37,36,39,23,25,31,31,25,24,26,32,29,62,21,35,34,28,29,29,29,33,26,29,35,27,26,29,15,31,18,22,14,26,12,10,6,8,0,0,0,0,0,0,0,8,0,0,0,0,0,0,0,0,0,0]} 1. d4 Nf6 2. c4 g6 3. Nf3 Bg7 4. e3 O-O 5. Be2 c6 6. O-O d5 7. Nc3 a6 8. b3 Ne4 {D94: Grünfeld: 4 Nf3 Bg7 5 e3.} 9. Bb2 Nxc3 10. Bxc3 Bg4 {White is slightly better.} 11. h3 Bxf3 12. Bxf3 e6 13. Rc1 {[#]} Re8 $146 ({Predecessor:} 13... Nd7 14. Qc2 Re8 15. Rfd1 Nf6 16. Be1 Qe7 17. b4 Red8 18. a4 Ne8 19. b5 axb5 20. axb5 {½-½ (33) Swiercz,D (2611)-Sjugirov,S (2658) Katowice 2014}) 14. a4 Nd7 15. Qd2 f5 16. Ba5 Qb8 17. Rc2 Bf8 18. Bb4 Bd6 19. Rfc1 Nf6 20. cxd5 exd5 21. Bxd6 Qxd6 22. b4 g5 {Black wants to play ...g4.} 23. g3 f4 24. exf4 gxf4 25. Qxf4 Qxf4 26. gxf4 Re7 27. b5 axb5 28. axb5 cxb5 29. Rc8+ Rxc8 30. Rxc8+ $11 {[%mdl 4096] Endgame KRB-KRN} Kf7 {The position is equal.} 31. Rc5 Ke6 32. Rxb5 Kf5 33. Bxd5 Nxd5 34. Rxd5+ Kxf4 {KR-KR} 35. Rd8 Kf3 36. d5 Ke2 37. d6 Rg7+ 38. Kh2 Kxf2 39. Rf8+ Ke3 40. Re8+ Kf2 {Accuracy: White = 95%, Black = 96%.} 1/2-1/2

[Event "POL-chT 1st League 2020"]
[Site "Ustron"]
[Date "2020.09.05"]
[Round "1.17"]
[White "Tymrakiewicz, Rafal"]
[Black "Tomaszewski, Kacper"]
[Result "1/2-1/2"]
[WhiteElo "2245"]
[BlackElo "2341"]
[Annotator "ChessBase"]
[PlyCount "57"]
[EventDate "2020.09.05"]
[EventType "team-tourn"]
[EventCountry "POL"]
[SourceTitle "playchess.com"]
[Source "ChessBase"]
[SourceQuality "1"]
[TimeControl "40/5400+30:1800+30"]

1. d4 {[%emt 0:00:00]} Nf6 {[%emt 0:00:00]} 2. Bg5 {[%emt 0:00:48]} d6 {[%emt 0:00:11]} 3. c4 {[%emt 0:06:30]} c5 {[%emt 0:05:13]} 4. Nc3 {[%emt 0:16:03]} cxd4 {[%emt 0:02:02]} 5. Qxd4 {[%emt 0:00:07]} Nc6 {[%emt 0:00:28]} 6. Qd2 {[%emt 0:00:10]} h6 {[%emt 0:02:50]} 7. Bxf6 {[%emt 0:05:34]} gxf6 {[%emt 0:00:31]} 8. Nf3 {[%emt 0:00:39]} f5 {[%emt 0:03:19]} 9. g3 {[%emt 0:02:42]} Bg7 {[%emt 0:00:47]} 10. Bg2 {[%emt 0:00:25]} O-O {[%emt 0:10:55]} 11. O-O {[%emt 0:01:07]} Qa5 {[%emt 0:00:46]} 12. Rac1 {[%emt 0:06:06]} Be6 {[%emt 0:05:22]} 13. b3 {[%emt 0:01:20]} Rfc8 {[%emt 0:05:11]} 14. e3 {[%emt 0:05:28]} Rab8 {[%emt 0:03:33]} 15. Rfd1 {[%emt 0:02:40]} a6 {[%emt 0:00:55]} 16. Nh4 {[%emt 0:13:27]} Ne5 {[%emt 0:14:26]} 17. Nd5 {[%emt 0:09:17]} Qxd2 {[%emt 0:06:08]} 18. Rxd2 {[%emt 0:00:22]} Kf8 {[%emt 0:05:00]} 19. Nb6 {[%emt 0:03:51]} Rc7 {[%emt 0:02:15]} 20. Rcd1 {[%emt 0:01:55]} Bf6 {[%emt 0:06:52]} 21. Nf3 {[%emt 0:01:38]} Nxf3+ {[%emt 0:00:24]} 22. Bxf3 {[%emt 0:00:03]} Be5 {[%emt 0:00:43]} 23. Bg2 {[%emt 0:02:30]} Ke8 {[%emt 0:00:52]} 24. Rd3 {[%emt 0:02:28]} Rc5 {[%emt 0:03:19]} 25. Kf1 {[%emt 0:03:21]} Kd8 {[%emt 0:06:32]} 26. Kg1 {[%emt 0:02:05]} Ke8 {[%emt 0:01:20]} 27. R1d2 {[%emt 0:01:59]} Rc7 {[%emt 0:01:29]} 28. Rd1 {[%emt 0:01:24]} Rc5 {[%emt 0:00:06]} 29. R1d2 {[%emt 0:01:37]} 1/2-1/2